000 00329nam a2200133Ia 4500
008 231129s9999||||xx |||||||||||||| ||spa||
020 _a84-345-8228-7
040 _bspa
082 _a920 M479
100 _aMckendrick Melveena
245 0 _aCervantes
264 _aSalvat
942 _2ddc
_cBKS
999 _c6860
_d6860